ARRUPE JESUIT UNIVERSITY

CORONAVIRUS -STOP THE SPREAD - CLEAN,DISINFECT,COVER

Land of sunshine (Record no. 118839)

MARC details
000 -LEADER
fixed length control field 00401nam a22001337a 4500
008 - FIXED-LENGTH DATA ELEMENTS--GENERAL INFORMATION
fixed length control field 131129b xxu||||| |||| 00| 0 eng d
050 ## - LIBRARY OF CONGRESS CALL NUMBER
Classification number SPC DT434.E2G5
100 ## - MAIN ENTRY--PERSONAL NAME
Personal name Gicaru, Muga
9 (RLIN) 4372
245 ## - TITLE STATEMENT
Title Land of sunshine
Remainder of title Scenes of life in Kenya before Mau Mau
260 ## - PUBLICATION, DISTRIBUTION, ETC. (IMPRINT)
Place of publication, distribution, etc London
Name of publisher, distributor, etc Lawrence & Wishart
Date of publication, distribution, etc 1958
300 ## - PHYSICAL DESCRIPTION
Extent 175p.
Dimensions 22cm
650 ## - SUBJECT ADDED ENTRY--TOPICAL TERM
Topical term or geographic name as entry element Kenya
9 (RLIN) 4373
General subdivision Race relations
942 ## - ADDED ENTRY ELEMENTS (KOHA)
Source of classification or shelving scheme Library of Congress Classification
Item type Monograph ( Printed materials)
Holdings
Withdrawn status Lost status Source of classification or shelving scheme Damaged status Not for loan Home library Current library Date acquired Total Checkouts Full call number Barcode Date last seen Price effective from Koha item type
    Library of Congress Classification     ARRUPE LIBRARY ARRUPE LIBRARY 29/11/2013   SPC DT434.E2G5 464122737 29/11/2013 29/11/2013 Monograph ( Printed materials)

 

Arrupe Library. PO Box MP320 Mt Pleasant, Harare, Zimbabwe
263 242 745411|librarian@aju.ac.zw